000 01343cam a2200385 i 4500
001 45881
003 KOSZ 005
005 20221208090755.0
008 050506s2003 pl a |000 0 pol
020 _a8373480617
040 _aWA N
_cWA N
_dKOSZ 005/HR
046 _k2003
080 _a658.114(438)
080 _a658.114(100)
080 _a339.9
100 1 _aDaszkiewicz, Nelly
_d(1968- )
_eAutor
245 1 0 _aInternacjonalizacja małych i średnich przedsiębiorstw we współczesnej gospodarce /
_cNelly Daszkiewicz.
260 _aGdańsk :
_bWydaw. Politechniki Gdańskie,
_c2003.
300 _a172 s. :
_bmapa, rys., wykr. ;
_c24 cm.
336 _2rdacontent
_aTekst
_btxt
337 _2rdamedia
_aBez urządzenia pośredniczącego
_bn
338 _2rdacarrier
_aWolumin
_bnc
380 _aKsiążki
388 _a2001-
504 _aBibliogr. s. 162-170.
546 _aStreszcz. ang.
648 7 _a2001-
650 4 _aInternacjonalizacja przedsiębiorstw
650 4 _aPrzedsiębiorstwa małe i średnie (MŚP)
651 7 _aPolska
658 _aGospodarka, ekonomia, finanse
710 2 _aWydawnictwo Politechniki Gdańskiej
_4pbl.
856 _uhttp://koha.tu.koszalin.pl/cgi-bin/koha/opac-detail.pl?biblionumber=45881
_yKatalog online BPK
942 _2UKD
_cKS
999 _c45881
_d45881